| 000 | 00535nam a22001937a 4500 | ||
|---|---|---|---|
| 003 | KOHA_MİRAKIL | ||
| 005 | 20250930152421.0 | ||
| 008 | 250930b tu ||||| |||| 00| 0 tur d | ||
| 020 | _a9786254193729 | ||
| 040 |
_aTR-AnABB _btur _cTR-AnABB |
||
| 041 | _atur | ||
| 082 |
_a891.7342 _bGOR 2022 |
||
| 100 | 1 |
_aGorki, Maksim, _d1868-1936 |
|
| 245 | 1 | 0 |
_aHayim ile Artem / _cMaksim Gorki |
| 260 |
_aAnkara : _bDorlion Yayınları, _c2022 |
||
| 300 |
_a214 sayfa ; _c20 cm |
||
| 650 | 0 | 4 | _aRus edebiyatı, roman |
| 942 |
_2ddc _cBK |
||
| 999 |
_c8988 _d8988 |
||
| 900 | _bGizem YORULMAZ | ||